01424nam a2200241Ia 4500003000400000005001700004008004100021020001800062040000900080082002300089100002900112245008400141260004300225300000900268650001500277942005300292952016400345952016400509952016400673952016400837952016401001999001701165OSt20201222103200.0190216s9999||||xx |||||||||||||| ||und|| a9788126135257 coclc a378.1990954bMUR/E aMurthy, Sivagnana 97749 0aEncyclopaedia Of Modern Ugc Curriculum Xith Plan And Grants /cSivagnana Murthy bAnmol Publications,aNew Delhi:c2008. a276p aReferences cREF2ddch378.1990954iMUR/Ek378.1990954mMUR/E 00102ddc40708ENCYCLOPAEDIAaMESbMEScENCYCLOPAEDIAd2019-02-20g1800.00l0o378.1990954 MUR/Ep33162r2019-02-20 00:00:00tVol - 1w2019-02-20yREFzU13R5 00102ddc40708ENCYCLOPAEDIAaMESbMEScENCYCLOPAEDIAd2019-02-20g1800.00l0o378.1990954 MUR/Ep33163r2019-02-20 00:00:00tVol - 2w2019-02-20yREFzU13R5 00102ddc40708ENCYCLOPAEDIAaMESbMEScENCYCLOPAEDIAd2019-02-20g1800.00l0o378.1990954 MUR/Ep33164r2019-02-20 00:00:00tVol - 3w2019-02-20yREFzU13R5 00102ddc40708ENCYCLOPAEDIAaMESbMEScENCYCLOPAEDIAd2019-02-20g1800.00l0o378.1990954 MUR/Ep33165r2019-02-20 00:00:00tVol - 4w2019-02-20yREFzU13R5 00102ddc40708ENCYCLOPAEDIAaMESbMEScENCYCLOPAEDIAd2019-02-20g1800.00l0o378.1990954 MUR/Ep33166r2019-02-20 00:00:00tVol - 5w2019-02-20yREFzU13R5 c36975d36975